Представление документа в формате MARC21

Поле Инд. ПП Название Значение
Тип записи a
Библиографический уровень m
001 Контрольный номер RU/LIBMSTU/317298310
005 Дата корректировки 20160112132641.3
008 Кодируемые данные 100128|||||||||ru |||||||||||000|||rus||
020 a ISBN 978-5-9614-0824-9
c Цена, тираж 1390-00
040 b Код языка каталог. rus
041 0_ a Код языка текста rus
084 a Индекс другой классификации/Индекс ББК 65.291.9+65.291.9-21
090 a Полочн. индекс 65.291.9
x Авторский знак Э 68
245 10 a Заглавие Энциклопедия финансового риск-менеджмента
c Ответственность [Барбаумов В. Е. и др.] ; под ред. А. А. Лобанова и А. В. Чугунова
250 a Основные сведения об издании 4-е изд., испр. и доп.
260 a Место издания Москва
b Издательство Альпина Бизнес Букс
c Дата издания 2009
300 a Объем 931 с.
b Иллюстрации/ тип воспроизводства ил.
500 a Примечание Авт. указаны на обороте тит. л.
504 a Библиография Библиогр.: с. 884-888
650 04 a Основная рубрика Риски финансовые-Управление-Энциклопедии
653 0_ a Ключевые слова Банковская деятельность
a Ключевые слова Количественный анализ
a Ключевые слова Ликвидность
a Ключевые слова Макроэкономика
a Ключевые слова Менеджмент финансовый
a Ключевые слова Оптимизация
a Ключевые слова Риск-менеджмент
a Ключевые слова Риски кредитные
a Ключевые слова Риски финансовые
a Ключевые слова Управление рисками
a Ключевые слова Финансовые инструменты
a Ключевые слова Экономический анализ
a Ключевые слова Энциклопедии
700 12 a Другие авторы Лобанов А. А.
e Роль лиц ред.
700 1_ a Другие авторы Чугунов А. В.
e Роль лиц ред.
700 1_ a Другие авторы Барбаумов В. Е.
e Роль лиц авт.
901 t Тип документа m